000 00706nam a2200205Ia 4500
003 OSt
005 20220925231525.0
006 a|||||r|||| 00| 0
007 ta
008 220923b |||||||| |||| 00| 0 eng d
037 _cGeneral Book
040 _aRTL
_cRTL
_beng
041 _2eng
_aeng
082 _aY:5.235sN61, K1.10-6A(4&5)
100 _aCensus of India, 1961
245 0 _aHandicrafts of Maharashtra wooden toys of Savantvadi and coir roper of Achare district Ratangiri. Maharashtra. V. 10, Part 6 A (4 & 5)
260 _aMaharashtra
_bGovt. Press
_c1961
942 _hY:5.235sN61, K1.10-6A(4&5)
_cGB
_2CC
999 _c588684
_d588684